Sistemas electrónicos de comunicaciones (Registro nro. 25471)

Detalles MARC
000 -Cabecera
Campo de control interno 00488nam a22002057a 4500
005 - Fecha y hora del registro
control field 20260415093609.0
008 - Elementos de Longitud Fija
fixed length control field 260415b |||||||| |||| 00| 0 spa d
041 ## - Idioma
Codigo Idioma ESP
082 ## - DEWEY y NOTACIÓN INTERNA
Dewey 621.382
Notación Interna F83
100 ## - AUTOR
Autor denominación Frenzel, Louis E.
245 ## - TÍTULO DE MATERIAL BIBLIOGRÁFICO
Título Sistemas electrónicos de comunicaciones
260 ## - CIUDAD, EDITORIAL, AÑO
Ciudad :
Nombre de la Editorial ,
Año 2003
300 ## - DESCRIPCIÓN
N° Páginas xi, 1001 páginas :
Otros detalles ;
Dimensiones 25 cm.
440 ## - MENCIÓN DE SERIE
Título de la Serie ;
650 ## - TEMAS
Temas Tecnología (Ciencias Aplicadas)
654 ## - PROGRAMAS
Programa Dpto. de Ingeniería Electrónica y Telecomunicaciones
700 ## - OTROS AUTORES
Otros autores ;
942 ## - ELEMENTOS DE KOHA
Tipo de documento Libro
Nombre del creador Justo Noguera
Código de catalogador Justo Noguera
Suppress in OPAC No
Esquema de clasificación Dewey Decimal Classification
Existencias
Codigo completo Registro Colección Copia número Disponibilidad Tipo de préstamo Biblioteca Actual Procedencia (Biblioteca) Ubicacón Fecha Ingreso Tipo de Adquisición Date last seen Total checkouts Price effective from Tipo de Item Estado del Material Fuente de Clasificación Damaged status Withdrawn status
621.382 F83 U0015008 Universidad Católica San Pablo 1 Disponible Disponible Víctor Andrés Belaunde Víctor Andrés Belaunde Segundo piso 15/04/2026 Compra 15/04/2026   15/04/2026 Libro Bueno Dewey Decimal Classification